České a slovenské cukrovarnické společnosti v procesu transformace evropského trhu s cukrem

V rámci reformy SPP v roku 2013 bolo odvetvie cukru takmer úplne liberalizované zrušením produkčných kvót a minimálnych cien cukrovej repy. V 11 členských štátoch EÚ boli zavedené aj viazané priame platby na cukrovú repu. Okrem toho môže viazaná podpora pestovania cukrovej repy zvýšiť ponuku cukru v...

Ausführliche Beschreibung

Gespeichert in:
Bibliographische Detailangaben
1. Verfasser: Dvořák, Marek
Weitere Verfasser: Smutka, Ľuboš, Pulkrábek, Josef, Moravčíková, Elena, 1967-, Viquillón, Pablo Muñoz, Gregáňová, Radomíra Hornyák, Kádeková, Zdenka
Format: Buchkapitel
Sprache:Tschechisch
Schlagworte:
Tags: Tag hinzufügen
Keine Tags, Fügen Sie das erste Tag hinzu!

MARC

LEADER 00000naa a2200000 4500
001 0296567
005 20240502083955.1
041 0 |a cze 
044 |a CZ 
245 1 0 |a České a slovenské cukrovarnické společnosti v procesu transformace evropského trhu s cukrem  |c Marek Dvořák, Ľuboš Smutka, Josef Pulkrábek, Elena Moravčíková, Pablo Muñoz Viquillón, Radomíra Hornyák Gregáňová, Zdenka Kádeková 
520 |a V rámci reformy SPP v roku 2013 bolo odvetvie cukru takmer úplne liberalizované zrušením produkčných kvót a minimálnych cien cukrovej repy. V 11 členských štátoch EÚ boli zavedené aj viazané priame platby na cukrovú repu. Okrem toho môže viazaná podpora pestovania cukrovej repy zvýšiť ponuku cukru v EÚ s nepriaznivými vplyvmi na výrobcov cukru v tretích krajinách. 
610 2 0 |a cukrovarníctvo 
610 2 0 |a cukrovary 
610 2 0 |a bankrot 
610 2 0 |a riziko 
610 2 0 |a situácia finančná podniku 
610 2 0 |a zdravie podniku finančné 
610 2 0 |a solventnosť 
610 2 0 |a obchod elektronický 
100 1 |a Dvořák, Marek 
700 1 |a Smutka, Ľuboš 
700 1 |a Pulkrábek, Josef 
700 1 |a Moravčíková, Elena, 1967- 
700 1 |a Viquillón, Pablo Muñoz 
700 1 |a Gregáňová, Radomíra Hornyák 
700 1 |a Kádeková, Zdenka